[Event "OeISM Blitz U10 B"]
[Site "austriaU10b"]
[Date "2020.12.11"]
[Round "5"]
[White "NIKO2011"]
[Black "Super-Patzer"]
[Result "1-0"]
[WhiteElo "1839"]
[BlackElo "1636"]
[Annotator "NA RC"]
[PlyCount "35"]
[EventDate "2020.12.11"]
[EventType "blitz"]

1. e4 {[%emt 0:00:03]} c6 {[%emt 0:00:01]} 2. d4 {[%emt 0:00:03]} d5 {[%emt 0:00:02]} 3. exd5 {[%emt 0:00:01]} cxd5 {[%emt 0:00:01]} 4. c4 {[%emt 0:00:00]} Nf6 {[%emt 0:00:03]} 5. Nf3 {[%emt 0:00:02]} Nc6 {[%emt 0:00:04]} 6. Nc3 {[%emt 0:00:02]} dxc4 {[%emt 0:00:05]} 7. Bxc4 {[%emt 0:00:02]} e6 {[%emt 0:00:02]} 8. O-O {[%emt 0:00:03]} Bb4 {[%emt 0:00:03]} 9. Re1 {[%emt 0:00:04]} O-O {[%emt 0:00:04]} 10. a3 {[%emt 0:00:02]} Ba5 {[%emt 0:00:09]} 11. b4 {[%emt 0:00:02]} Bb6 {[%emt 0:00:01]} 12. Be3 {[%emt 0:00:05]} Qe7 {[%emt 0:00:20]} 13. Bg5 {[%emt 0:00:09]} Rd8 {[%emt 0:00:12]} 14. Nd5 {[%emt 0:00:12]} Qd6 {[%emt 0:00:19]} 15. Bxf6 {[%emt 0:00:06]} gxf6 {[%emt 0:00:04]} 16. Nxf6+ {[%emt 0:00:01]} Kh8 {[%emt 0:00:01]} 17. Qd3 {[%emt 0:00:05]} Nxd4 {[%emt 0:00:06]} 18. Qxh7# {[%emt 0:00:02] Mate Mate} 1-0

[Event "OeISM Blitz U10 B"]
[Site "austriaU10b"]
[Date "2020.12.11"]
[Round "5"]
[White "EdiRaber"]
[Black "Davidalaba"]
[Result "1-0"]
[WhiteElo "1716"]
[BlackElo "1474"]
[Annotator "NA RC"]
[PlyCount "107"]
[EventDate "2020.12.11"]
[EventType "blitz"]

1. e4 {[%emt 0:00:06]} e5 {[%emt 0:00:02]} 2. Nf3 {[%emt 0:00:03]} Nc6 {[%emt 0:00:01]} 3. d3 {[%emt 0:00:02]} Nf6 {[%emt 0:00:03]} 4. Bg5 {[%emt 0:00:02]} d6 {[%emt 0:00:03]} 5. Nc3 {[%emt 0:00:02]} Bg4 {[%emt 0:00:02]} 6. Be2 {[%emt 0:00:01]} Be7 {[%emt 0:00:03]} 7. O-O {[%emt 0:00:02]} O-O {[%emt 0:00:03]} 8. h3 {[%emt 0:00:01]} Bh5 {[%emt 0:00:04]} 9. Bxf6 {[%emt 0:00:14]} Bxf6 {[%emt 0:00:02]} 10. Nd5 {[%emt 0:00:03]} Re8 {[%emt 0:00:10]} 11. Nd2 {[%emt 0:00:07]} Bxe2 {[%emt 0:00:05]} 12. Qxe2 {[%emt 0:00:01]} Ne7 {[%emt 0:00:03]} 13. Nxf6+ {[%emt 0:00:05]} gxf6 {[%emt 0:00:03]} 14. Qg4+ {[%emt 0:00:04]} Ng6 {[%emt 0:00:02]} 15. Nf3 {[%emt 0:00:02]} Qe7 {[%emt 0:00:03]} 16. Nh4 {[%emt 0:00:02]} Qe6 {[%emt 0:00:04]} 17. Nf5 {[%emt 0:00:01]} Kh8 {[%emt 0:00:08]} 18. Qh5 {[%emt 0:00:08]} Rad8 {[%emt 0:00:09]} 19. Qh6 {[%emt 0:00:07]} Rg8 {[%emt 0:00:07]} 20. Qe3 {[%emt 0:00:11]} Nf4 {[%emt 0:00:04]} 21. Ng3 {[%emt 0:00:16]} a6 {[%emt 0:00:11]} 22. Qf3 {[%emt 0:00:12]} c6 {[%emt 0:00:16]} 23. Kh2 {[%emt 0:00:03]} d5 {[%emt 0:00:06]} 24. Rg1 {[%emt 0:00:04]} Qd7 {[%emt 0:00:22]} 25. Nf5 {[%emt 0:00:06]} dxe4 {[%emt 0:00:16]} 26. dxe4 {[%emt 0:00:03]} Ne6 {[%emt 0:00:11]} 27. Nh6 {[%emt 0:00:05]} Rg6 {[%emt 0:00:10]} 28. Nf5 {[%emt 0:00:06]} Nd4 {[%emt 0:00:03]} 29. Nxd4 {[%emt 0:00:04]} exd4 {[%emt 0:00:00]} 30. Rad1 {[%emt 0:00:03]} Qe6 {[%emt 0:00:05]} 31. c3 {[%emt 0:00:04]} Rd7 {[%emt 0:00:08]} 32. cxd4 {[%emt 0:00:03]} Qxa2 {[%emt 0:00:03]} 33. d5 {[%emt 0:00:13]} cxd5 {[%emt 0:00:07]} 34. exd5 {[%emt 0:00:02]} Qxb2 {[%emt 0:00:05]} 35. d6 {[%emt 0:00:05]} Qe5+ {[%emt 0:00:02]} 36. g3 {[%emt 0:00:06]} Rxd6 {[%emt 0:00:05]} 37. Rde1 {[%emt 0:00:05]} Qb5 {[%emt 0:00:05]} 38. Qf4 {[%emt 0:00:14]} Qc5 {[%emt 0:00:15]} 39. Re8+ {[%emt 0:00:04]} Kg7 {[%emt 0:00:03]} 40. Rc1 {[%emt 0:00:15]} Qd4 {[%emt 0:00:04]} 41. Qf3 {[%emt 0:00:11]} Qd3 {[%emt 0:00:02]} 42. Qg2 {[%emt 0:00:19]} Qd2 {[%emt 0:00:03]} 43. Rcc8 {[%emt 0:00:02]} Rd5 {[%emt 0:00:07]} 44. Rg8+ {[%emt 0:00:07]} Kh6 {[%emt 0:00:03]} 45. Rgf8 {[%emt 0:00:05]} Rg7 {[%emt 0:00:03]} 46. Rfe8 {[%emt 0:00:01]} Qb2 {[%emt 0:00:08]} 47. Rb8 {[%emt 0:00:01]} Rd2 {[%emt 0:00:02]} 48. Rxb7 {[%emt 0:00:03]} Qxb7 {[%emt 0:00:06]} 49. Qxb7 {[%emt 0:00:02]} Rxf2+ {[%emt 0:00:04]} 50. Kg1 {[%emt 0:00:01]} Rc2 {[%emt 0:00:05]} 51. Qe4 {[%emt 0:00:02]} Rc1+ {[%emt 0:00:02]} 52. Kg2 {[%emt 0:00:01]} Ra1 {[%emt 0:00:02]} 53. Kf3 {[%emt 0:00:01]} Ra3+ {[%emt 0:00:02]} 54. Qe3+ {[%emt 0:00:01] TimeB} 1-0

[Event "OeISM Blitz U10 B"]
[Site "austriaU10b"]
[Date "2020.12.11"]
[Round "5"]
[White "Mattfried"]
[Black "Martinovicdavid"]
[Result "1-0"]
[WhiteElo "1687"]
[BlackElo "1613"]
[Annotator "NA RC"]
[PlyCount "99"]
[EventDate "2020.12.11"]
[EventType "blitz"]

1. e4 {[%emt 0:00:04]} e5 {[%emt 0:00:04]} 2. Nf3 {[%emt 0:00:13]} Nc6 {[%emt 0:00:03]} 3. d4 {[%emt 0:00:02]} exd4 {[%emt 0:00:02]} 4. Bc4 {[%emt 0:00:02]} Nf6 {[%emt 0:00:09]} 5. O-O {[%emt 0:00:03]} Be7 {[%emt 0:00:05]} 6. e5 {[%emt 0:00:03]} d5 {[%emt 0:00:03]} 7. exf6 {[%emt 0:00:02]} dxc4 {[%emt 0:00:07]} 8. fxe7 {[%emt 0:00:02]} Nxe7 {[%emt 0:00:14]} 9. Qxd4 {[%emt 0:00:06]} Qxd4 {[%emt 0:00:10]} 10. Nxd4 {[%emt 0:00:00]} O-O {[%emt 0:00:04]} 11. Nc3 {[%emt 0:00:02]} c5 {[%emt 0:00:03]} 12. Nf3 {[%emt 0:00:03]} Bg4 {[%emt 0:00:04]} 13. Ne5 {[%emt 0:00:09]} Bf5 {[%emt 0:00:17]} 14. Nxc4 {[%emt 0:00:11]} Bxc2 {[%emt 0:00:02]} 15. Be3 {[%emt 0:00:06]} Bd3 {[%emt 0:00:04]} 16. Rfe1 {[%emt 0:00:05]} Bxc4 {[%emt 0:00:02]} 17. Bxc5 {[%emt 0:00:01]} Rfe8 {[%emt 0:00:39]} 18. Rxe7 {[%emt 0:00:05]} Red8 {[%emt 0:00:26]} 19. Rxb7 {[%emt 0:00:11]} Rac8 {[%emt 0:00:06]} 20. Bxa7 {[%emt 0:00:16]} Ba6 {[%emt 0:00:16]} 21. Rb6 {[%emt 0:00:06]} Bc4 {[%emt 0:00:11]} 22. h3 {[%emt 0:00:04]} h6 {[%emt 0:00:09]} 23. Rb4 {[%emt 0:00:08]} Rd2 {[%emt 0:00:18]} 24. Be3 {[%emt 0:00:07]} Rd7 {[%emt 0:00:04]} 25. b3 {[%emt 0:00:09]} Be6 {[%emt 0:00:02]} 26. Ne4 {[%emt 0:00:09]} Rc2 {[%emt 0:00:03]} 27. Rb8+ {[%emt 0:00:05]} Kh7 {[%emt 0:00:02]} 28. b4 {[%emt 0:00:19]} Bd5 {[%emt 0:00:02]} 29. Nc5 {[%emt 0:00:04]} Rc7 {[%emt 0:00:03]} 30. a3 {[%emt 0:00:05]} Rb2 {[%emt 0:00:01]} 31. Rd1 {[%emt 0:00:06]} Bb3 {[%emt 0:00:03]} 32. Nxb3 {[%emt 0:00:02]} Rxb3 {[%emt 0:00:02]} 33. a4 {[%emt 0:00:05]} Ra3 {[%emt 0:00:01]} 34. a5 {[%emt 0:00:02]} Rb3 {[%emt 0:00:02]} 35. b5 {[%emt 0:00:02]} Ra7 {[%emt 0:00:02]} 36. Bxa7 {[%emt 0:00:03]} Ra3 {[%emt 0:00:02]} 37. a6 {[%emt 0:00:02]} Rb3 {[%emt 0:00:01]} 38. b6 {[%emt 0:00:01]} Rb5 {[%emt 0:00:01]} 39. b7 {[%emt 0:00:03]} Ra5 {[%emt 0:00:01]} 40. Rd6 {[%emt 0:00:06]} Ra1+ {[%emt 0:00:02]} 41. Kh2 {[%emt 0:00:03]} f6 {[%emt 0:00:03]} 42. Bd4 {[%emt 0:00:04]} Kg6 {[%emt 0:00:02]} 43. Bxa1 {[%emt 0:00:02]} Kf7 {[%emt 0:00:03]} 44. a7 {[%emt 0:00:00]} Kg6 {[%emt 0:00:02]} 45. a8=Q {[%emt 0:00:03]} Kh7 {[%emt 0:00:02]} 46. Rh8+ {[%emt 0:00:04]} Kg6 {[%emt 0:00:02]} 47. Qe8+ {[%emt 0:00:01]} Kg5 {[%emt 0:00:01]} 48. Rd5+ {[%emt 0:00:01]} Kf4 {[%emt 0:00:02]} 49. g3+ {[%emt 0:00:00]} Kf3 {[%emt 0:00:01]} 50. Qe3# {[%emt 0:00:04] Mate Mate} 1-0

[Event "OeISM Blitz U10 B"]
[Site "austriaU10b"]
[Date "2020.12.11"]
[Round "5"]
[White "Mightimix"]
[Black "Codeman1980"]
[Result "0-1"]
[WhiteElo "1680"]
[BlackElo "1533"]
[Annotator "NA RC"]
[PlyCount "76"]
[EventDate "2020.12.11"]
[EventType "blitz"]

{Mightimix reconnected.} 1. e4 {[%emt 0:00:11]} c5 {[%emt 0:00:02]} 2. Nf3 {[%emt 0:00:02]} d6 {[%emt 0:00:02]} 3. d4 {[%emt 0:00:01]} cxd4 {[%emt 0:00:01]} 4. Nxd4 {[%emt 0:00:01]} Nf6 {[%emt 0:00:02]} 5. Nc3 {[%emt 0:00:02]} g6 {[%emt 0:00:01]} 6. Be3 {[%emt 0:00:05]} Bg7 {[%emt 0:00:02]} 7. Bd3 {[%emt 0:00:03]} O-O {[%emt 0:00:03]} 8. O-O {[%emt 0:00:03]} Nc6 {[%emt 0:00:03]} 9. h3 {[%emt 0:00:05]} a6 {[%emt 0:00:11]} 10. Bc4 {[%emt 0:00:05]} Qc7 {[%emt 0:00:15]} 11. Bb3 {[%emt 0:00:03]} Bd7 {[%emt 0:00:09]} 12. f4 {[%emt 0:00:03]} b5 {[%emt 0:00:08]} 13. a3 {[%emt 0:00:03]} e5 {[%emt 0:00:21]} 14. fxe5 {[%emt 0:00:03]} Nxe5 {[%emt 0:00:08]} 15. Nd5 {[%emt 0:00:07]} Nxd5 {[%emt 0:00:05]} 16. exd5 {[%emt 0:00:02]} Nc4 {[%emt 0:00:07]} 17. Bxc4 {[%emt 0:00:46]} Qxc4 {[%emt 0:00:05]} 18. c3 {[%emt 0:00:16]} Qxd5 {[%emt 0:00:03]} 19. Qf3 {[%emt 0:00:08]} Qxf3 {[%emt 0:00:05]} 20. Rxf3 {[%emt 0:00:00]} Be6 {[%emt 0:00:10]} 21. Raf1 {[%emt 0:00:10]} Bd5 {[%emt 0:00:12]} 22. R3f2 {[%emt 0:00:07]} Bc4 {[%emt 0:00:03]} 23. Rd1 {[%emt 0:00:04]} Rad8 {[%emt 0:00:14]} 24. Bg5 {[%emt 0:00:05]} Rc8 {[%emt 0:00:07]} 25. Bf4 {[%emt 0:00:04]} Be5 {[%emt 0:00:09]} 26. Bh6 {[%emt 0:00:06]} Rfe8 {[%emt 0:00:05]} 27. Nf3 {[%emt 0:00:06]} Bg3 {[%emt 0:00:05]} 28. Rfd2 {[%emt 0:00:07]} Be2 {[%emt 0:00:06]} 29. Rc1 {[%emt 0:00:07]} Bxf3 {[%emt 0:00:04]} 30. gxf3 {[%emt 0:00:02]} f5 {[%emt 0:00:06]} 31. Kg2 {[%emt 0:00:03]} Be5 {[%emt 0:00:03]} 32. f4 {[%emt 0:00:05]} Bg7 {[%emt 0:00:06]} 33. Bxg7 {[%emt 0:00:07]} Kxg7 {[%emt 0:00:02]} 34. Rcd1 {[%emt 0:00:02]} a5 {[%emt 0:00:08]} 35. Rxd6 {[%emt 0:00:02]} Re2+ {[%emt 0:00:02]} 36. Kf3 {[%emt 0:00:10]} Rce8 {[%emt 0:00:07]} 37. Rd7+ {[%emt 0:00:03]} Kh8 {[%emt 0:00:03]} 38. R1d2 {[%emt 0:00:02]} R8e3# {[%emt 0:00:04] Mate} 0-1

[Event "OeISM Blitz U10 B"]
[Site "austriaU10b"]
[Date "2020.12.11"]
[Round "5"]
[White "Sunny3000"]
[Black "Alain 007"]
[Result "0-1"]
[WhiteElo "1602"]
[BlackElo "1480"]
[Annotator "NA RC"]
[PlyCount "170"]
[EventDate "2020.12.11"]
[EventType "blitz"]

1. e4 {[%emt 0:00:27]} d5 {[%emt 0:00:06]} 2. exd5 {[%emt 0:00:04]} Qxd5 {[%emt 0:00:05]} 3. Nc3 {[%emt 0:00:01]} Qa5 {[%emt 0:00:05]} 4. Nf3 {[%emt 0:00:04]} Bg4 {[%emt 0:00:17]} 5. h3 {[%emt 0:00:06]} Bxf3 {[%emt 0:00:05]} 6. Qxf3 {[%emt 0:00:01]} c6 {[%emt 0:00:04]} 7. d4 {[%emt 0:00:06]} e6 {[%emt 0:00:09]} 8. Be3 {[%emt 0:00:08]} Nf6 {[%emt 0:00:05]} 9. Bd3 {[%emt 0:00:07]} Bd6 {[%emt 0:00:10]} 10. O-O {[%emt 0:00:08]} Nbd7 {[%emt 0:00:12]} 11. Bg5 {[%emt 0:00:14]} Qxg5 {[%emt 0:00:05]} 12. Rfe1 {[%emt 0:00:05]} Qf4 {[%emt 0:00:04]} 13. Qxf4 {[%emt 0:00:07]} Bxf4 {[%emt 0:00:02]} 14. Bc4 {[%emt 0:00:07]} O-O {[%emt 0:00:08]} 15. Rad1 {[%emt 0:00:19]} Nb6 {[%emt 0:00:09]} 16. Bb3 {[%emt 0:00:08]} Rad8 {[%emt 0:00:10]} 17. g3 {[%emt 0:00:26]} Bd6 {[%emt 0:00:07]} 18. Rd3 {[%emt 0:00:18]} Nfd5 {[%emt 0:00:12]} 19. Ne4 {[%emt 0:00:07]} Nb4 {[%emt 0:00:11]} 20. Rd2 {[%emt 0:00:08]} N4d5 {[%emt 0:00:09]} 21. c4 {[%emt 0:00:10]} Ne7 {[%emt 0:00:14]} 22. c5 {[%emt 0:00:06]} Bc7 {[%emt 0:00:06]} 23. cxb6 {[%emt 0:00:02]} Bxb6 {[%emt 0:00:01]} 24. Red1 {[%emt 0:00:05]} Nf5 {[%emt 0:00:03]} 25. Nc5 {[%emt 0:00:11]} Nxd4 {[%emt 0:00:07]} 26. Rxd4 {[%emt 0:00:01]} Rxd4 {[%emt 0:00:03]} 27. Rxd4 {[%emt 0:00:02]} Bxc5 {[%emt 0:00:01]} 28. Rd7 {[%emt 0:00:02]} b5 {[%emt 0:00:05]} 29. Bc2 {[%emt 0:00:02]} Rc8 {[%emt 0:00:07]} 30. b4 {[%emt 0:00:03]} Bb6 {[%emt 0:00:05]} 31. Rd1 {[%emt 0:00:03]} Rd8 {[%emt 0:00:02]} 32. Rxd8+ {[%emt 0:00:02]} Bxd8 {[%emt 0:00:02]} 33. a3 {[%emt 0:00:01]} Bb6 {[%emt 0:00:02]} 34. Kg2 {[%emt 0:00:01]} Kf8 {[%emt 0:00:01]} 35. Kf3 {[%emt 0:00:01]} Ke7 {[%emt 0:00:02]} 36. Ke2 {[%emt 0:00:02]} Kf6 {[%emt 0:00:05]} 37. f3 {[%emt 0:00:02]} Ke5 {[%emt 0:00:02]} 38. g4 {[%emt 0:00:02]} Kf4 {[%emt 0:00:03]} 39. Be4 {[%emt 0:00:03]} Kg3 {[%emt 0:00:03]} 40. Bxh7 {[%emt 0:00:02]} Kxh3 {[%emt 0:00:05]} 41. Bg8 {[%emt 0:00:02]} f6 {[%emt 0:00:10]} 42. Bxe6 {[%emt 0:00:01]} Kg3 {[%emt 0:00:01]} 43. Bf5 {[%emt 0:00:02]} Kf4 {[%emt 0:00:01]} 44. Bg6 {[%emt 0:00:02]} Ke5 {[%emt 0:00:02]} 45. Be8 {[%emt 0:00:01]} Kd6 {[%emt 0:00:01]} 46. Bg6 {[%emt 0:00:02]} Kd5 {[%emt 0:00:01]} 47. Bf5 {[%emt 0:00:01]} c5 {[%emt 0:00:05]} 48. Bd7 {[%emt 0:00:02]} cxb4 {[%emt 0:00:04]} 49. axb4 {[%emt 0:00:02]} Kc4 {[%emt 0:00:02]} 50. Kd2 {[%emt 0:00:06]} Kxb4 {[%emt 0:00:01]} 51. Kc2 {[%emt 0:00:03]} a5 {[%emt 0:00:01]} 52. Kb2 {[%emt 0:00:01]} a4 {[%emt 0:00:01]} 53. Ka2 {[%emt 0:00:01]} Bd4 {[%emt 0:00:03]} 54. Kb1 {[%emt 0:00:01]} Kb3 {[%emt 0:00:02]} 55. Bxb5 {[%emt 0:00:02]} a3 {[%emt 0:00:03]} 56. Bd7 {[%emt 0:00:02]} a2+ {[%emt 0:00:02]} 57. Kc1 {[%emt 0:00:03]} a1=R+ {[%emt 0:00:03]} 58. Kd2 {[%emt 0:00:00]} Ra7 {[%emt 0:00:06]} 59. Be6+ {[%emt 0:00:02]} Kb4 {[%emt 0:00:10]} 60. Kd3 {[%emt 0:00:02]} Kc5 {[%emt 0:00:01]} 61. Bf5 {[%emt 0:00:02]} Ra4 {[%emt 0:00:01]} 62. Be4 {[%emt 0:00:02]} Ra3+ {[%emt 0:00:00]} 63. Kc2 {[%emt 0:00:01]} Kc4 {[%emt 0:00:01]} 64. Bf5 {[%emt 0:00:03]} Rc3+ {[%emt 0:00:01]} 65. Kd2 {[%emt 0:00:02]} Ra3 {[%emt 0:00:03]} 66. Be6+ {[%emt 0:00:04]} Kc5 {[%emt 0:00:03]} 67. Bg8 {[%emt 0:00:02]} Kb4 {[%emt 0:00:03]} 68. Ke2 {[%emt 0:00:01]} Kc3 {[%emt 0:00:01]} 69. Kd1 {[%emt 0:00:02]} Kd3 {[%emt 0:00:02]} 70. Bh7+ {[%emt 0:00:02]} Kc3 {[%emt 0:00:05]} 71. Be4 {[%emt 0:00:03]} Kc4 {[%emt 0:00:01]} 72. Ke2 {[%emt 0:00:02]} Ra2+ {[%emt 0:00:02]} 73. Kd1 {[%emt 0:00:02]} Kc3 {[%emt 0:00:02]} 74. Ke1 {[%emt 0:00:02]} Ra1+ {[%emt 0:00:03]} 75. Ke2 {[%emt 0:00:02]} Rc1 {[%emt 0:00:03]} 76. Bf5 {[%emt 0:00:04]} Kc4 {[%emt 0:00:04]} 77. Kd2 {[%emt 0:00:02]} Bb2 {[%emt 0:00:03]} 78. Ke2 {[%emt 0:00:02]} Kb4 {[%emt 0:00:01]} 79. Be6 {[%emt 0:00:02]} Kc3 {[%emt 0:00:01]} 80. Kf2 {[%emt 0:00:02]} Kd4 {[%emt 0:00:01]} 81. Kg3 {[%emt 0:00:02]} Rc2 {[%emt 0:00:01]} 82. Bf5 {[%emt 0:00:02]} Ke5 {[%emt 0:00:01]} 83. Be4 {[%emt 0:00:01]} Kd6 {[%emt 0:00:03]} 84. Kh3 {[%emt 0:00:02]} Be5 {[%emt 0:00:01]} 85. Ba8 {[%emt 0:00:05]} Rh2# {[%emt 0:00:01] Mate Mate} 0-1

[Event "OeISM Blitz U10 B"]
[Site "austriaU10b"]
[Date "2020.12.11"]
[Round "5"]
[White "nikolaus2709"]
[Black "Noeldep3f"]
[Result "0-1"]
[WhiteElo "1570"]
[BlackElo "1547"]
[Annotator "NA RC"]
[PlyCount "98"]
[EventDate "2020.12.11"]
[EventType "blitz"]

1. e4 {[%emt 0:00:05]} e5 {[%emt 0:00:01]} 2. Nf3 {[%emt 0:00:02]} Nc6 {[%emt 0:00:01]} 3. Bc4 {[%emt 0:00:02]} Bc5 {[%emt 0:00:02]} 4. c3 {[%emt 0:00:02]} d6 {[%emt 0:00:09]} 5. d4 {[%emt 0:00:02]} exd4 {[%emt 0:00:01]} 6. cxd4 {[%emt 0:00:05]} Bb6 {[%emt 0:00:03]} 7. O-O {[%emt 0:00:02]} Nf6 {[%emt 0:00:02]} 8. Re1 {[%emt 0:00:19]} O-O {[%emt 0:00:02]} 9. Nc3 {[%emt 0:00:04]} Bg4 {[%emt 0:00:06]} 10. h3 {[%emt 0:00:02]} Bh5 {[%emt 0:00:02]} 11. Bf4 {[%emt 0:00:10]} Nxd4 {[%emt 0:00:04]} 12. Qd3 {[%emt 0:00:18]} Nxf3+ {[%emt 0:00:03]} 13. gxf3 {[%emt 0:00:04]} Qd7 {[%emt 0:00:06]} 14. Kh2 {[%emt 0:00:02]} Bg6 {[%emt 0:00:05]} 15. Rg1 {[%emt 0:00:08]} Nh5 {[%emt 0:00:03]} 16. Be3 {[%emt 0:00:07]} Kh8 {[%emt 0:00:07]} 17. Nd5 {[%emt 0:00:14]} Bxe3 {[%emt 0:00:14]} 18. Qxe3 {[%emt 0:00:04]} c6 {[%emt 0:00:01]} 19. Nc3 {[%emt 0:00:05]} Rfe8 {[%emt 0:00:05]} 20. Qg5 {[%emt 0:00:17]} Qc7 {[%emt 0:00:12]} 21. Rg2 {[%emt 0:00:10]} d5+ {[%emt 0:00:03]} 22. Kh1 {[%emt 0:00:05]} dxc4 {[%emt 0:00:02]} 23. Rag1 {[%emt 0:00:03]} Rg8 {[%emt 0:00:10]} 24. Qg4 {[%emt 0:00:19]} Nf6 {[%emt 0:00:04]} 25. Qg5 {[%emt 0:00:04]} Qd7 {[%emt 0:00:06]} 26. Rd1 {[%emt 0:00:13]} Qxh3+ {[%emt 0:00:04]} 27. Kg1 {[%emt 0:00:05]} Qxf3 {[%emt 0:00:03]} 28. Qc5 {[%emt 0:00:10]} Nxe4 {[%emt 0:00:08]} 29. Nxe4 {[%emt 0:00:05]} Bxe4 {[%emt 0:00:04]} 30. Qg5 {[%emt 0:00:05]} Qxg2+ {[%emt 0:00:10]} 31. Qxg2 {[%emt 0:00:02]} Bxg2 {[%emt 0:00:01]} 32. Kxg2 {[%emt 0:00:01]} Rad8 {[%emt 0:00:02]} 33. Re1 {[%emt 0:00:03]} Rge8 {[%emt 0:00:07]} 34. Rxe8+ {[%emt 0:00:05]} Rxe8 {[%emt 0:00:02]} 35. Kf3 {[%emt 0:00:02]} h5 {[%emt 0:00:02]} 36. Kg3 {[%emt 0:00:03]} g6 {[%emt 0:00:02]} 37. Kh4 {[%emt 0:00:02]} Kg7 {[%emt 0:00:04]} 38. Kg5 {[%emt 0:00:02]} Re2 {[%emt 0:00:02]} 39. f4 {[%emt 0:00:03]} Rxb2 {[%emt 0:00:03]} 40. f5 {[%emt 0:00:01]} gxf5 {[%emt 0:00:06]} 41. Kxf5 {[%emt 0:00:01]} Rxa2 {[%emt 0:00:02]} 42. Kf4 {[%emt 0:00:02]} c3 {[%emt 0:00:02] nikolaus2709 offers a draw} 43. Kg3 {[%emt 0:00:06]} c2 {[%emt 0:00:00]} 44. Kf4 {[%emt 0:00:04]} c1=Q+ {[%emt 0:00:00]} 45. Kf3 {[%emt 0:00:02]} Qa3+ {[%emt 0:00:03]} 46. Kf4 {[%emt 0:00:02]} Qb4+ {[%emt 0:00:02]} 47. Kf3 {[%emt 0:00:02]} Qb3+ {[%emt 0:00:02]} 48. Kf4 {[%emt 0:00:01]} Ra4+ {[%emt 0:00:01]} 49. Kf5 {[%emt 0:00:02]} Qb5# {[%emt 0:00:01] Mate Mate} 0-1

[Event "OeISM Blitz U10 B"]
[Site "austriaU10b"]
[Date "2020.12.11"]
[Round "5"]
[White "Max003"]
[Black "Janoschluis"]
[Result "0-1"]
[WhiteElo "1537"]
[BlackElo "1622"]
[Annotator "NA RC"]
[PlyCount "70"]
[EventDate "2020.12.11"]
[EventType "blitz"]

{Max003 reconnected.} 1. d4 {[%emt 0:01:08]} Nf6 {[%emt 0:00:05]} 2. Bf4 {[%emt 0:00:05]} e6 {[%emt 0:00:05]} 3. e3 {[%emt 0:00:05]} Nc6 {[%emt 0:00:11]} 4. c3 {[%emt 0:00:03]} d5 {[%emt 0:00:05]} 5. Bd3 {[%emt 0:00:02]} Bd6 {[%emt 0:00:06]} 6. Bg3 {[%emt 0:00:03]} e5 {[%emt 0:00:09]} 7. Nf3 {[%emt 0:00:07]} e4 {[%emt 0:00:07]} 8. Bxd6 {[%emt 0:00:07]} Qxd6 {[%emt 0:00:09]} 9. Bc2 {[%emt 0:00:10]} exf3 {[%emt 0:00:03]} 10. Qxf3 {[%emt 0:00:02]} Bg4 {[%emt 0:00:08]} 11. Qg3 {[%emt 0:00:11]} Qxg3 {[%emt 0:00:02]} 12. hxg3 {[%emt 0:00:01]} Ne4 {[%emt 0:00:02]} 13. Bxe4 {[%emt 0:00:03]} dxe4 {[%emt 0:00:02]} 14. Nd2 {[%emt 0:00:04]} f5 {[%emt 0:00:06]} 15. Nc4 {[%emt 0:00:05]} O-O-O {[%emt 0:00:06]} 16. a4 {[%emt 0:00:05]} Rd5 {[%emt 0:00:05]} 17. b4 {[%emt 0:00:04]} h6 {[%emt 0:00:05]} 18. b5 {[%emt 0:00:03]} Ne7 {[%emt 0:00:08]} 19. O-O {[%emt 0:00:03]} Be2 {[%emt 0:00:06]} 20. Rfb1 {[%emt 0:00:04]} Bxc4 {[%emt 0:00:02]} 21. b6 {[%emt 0:00:04]} axb6 {[%emt 0:00:05]} 22. g4 {[%emt 0:00:04]} fxg4 {[%emt 0:00:07]} 23. f3 {[%emt 0:00:01]} exf3 {[%emt 0:00:03]} 24. gxf3 {[%emt 0:00:02]} gxf3 {[%emt 0:00:02]} 25. Kf2 {[%emt 0:00:01]} Rf5 {[%emt 0:00:02]} 26. Rb2 {[%emt 0:00:03]} Be2 {[%emt 0:00:05]} 27. e4 {[%emt 0:00:03]} Rf4 {[%emt 0:00:04]} 28. e5 {[%emt 0:00:03]} Nd5 {[%emt 0:00:08]} 29. a5 {[%emt 0:00:03]} bxa5 {[%emt 0:00:09]} 30. Rxa5 {[%emt 0:00:03]} Nxc3 {[%emt 0:00:05]} 31. Ra8+ {[%emt 0:00:03]} Kd7 {[%emt 0:00:06]} 32. Rxh8 {[%emt 0:00:05]} Ne4+ {[%emt 0:00:02]} 33. Ke1 {[%emt 0:00:03]} f2+ {[%emt 0:00:06]} 34. Kxe2 {[%emt 0:00:03]} f1=Q+ {[%emt 0:00:03]} 35. Ke3 {[%emt 0:00:01] Max003 offers a draw} Qf3# {[%emt 0:00:13] Mate Mate} 0-1

[Event "OeISM Blitz U10 B"]
[Site "austriaU10b"]
[Date "2020.12.11"]
[Round "5"]
[White "Chessroman"]
[Black "Derenick2010"]
[Result "1-0"]
[WhiteElo "1499"]
[BlackElo "1614"]
[Annotator "NA RC"]
[PlyCount "61"]
[EventDate "2020.12.11"]
[EventType "blitz"]

1. e4 {[%emt 0:00:05]} e5 {[%emt 0:00:02]} 2. Nf3 {[%emt 0:00:02]} Nc6 {[%emt 0:00:01]} 3. Bc4 {[%emt 0:00:06]} Bc5 {[%emt 0:00:02]} 4. d3 {[%emt 0:00:04]} h6 {[%emt 0:00:03]} 5. O-O {[%emt 0:00:03]} Nf6 {[%emt 0:00:13]} 6. h3 {[%emt 0:00:04]} O-O {[%emt 0:00:03]} 7. Be3 {[%emt 0:00:13]} d6 {[%emt 0:00:08]} 8. Nbd2 {[%emt 0:00:04]} Be6 {[%emt 0:00:08]} 9. Bb3 {[%emt 0:00:08]} Bxb3 {[%emt 0:00:03]} 10. axb3 {[%emt 0:00:03]} Qd7 {[%emt 0:00:11]} 11. Bxc5 {[%emt 0:00:06]} dxc5 {[%emt 0:00:05]} 12. Nc4 {[%emt 0:00:04]} b5 {[%emt 0:00:08]} 13. Ncxe5 {[%emt 0:00:04]} Nxe5 {[%emt 0:00:02]} 14. Nxe5 {[%emt 0:00:02]} Qd4 {[%emt 0:00:08]} 15. Nf3 {[%emt 0:00:10]} Qxb2 {[%emt 0:00:03]} 16. Qd2 {[%emt 0:00:10]} Rfd8 {[%emt 0:00:10]} 17. Rfb1 {[%emt 0:00:15]} Qd4 {[%emt 0:00:13]} 18. Nxd4 {[%emt 0:00:02]} cxd4 {[%emt 0:00:09]} 19. Qa5 {[%emt 0:00:05]} c5 {[%emt 0:00:09]} 20. Qxb5 {[%emt 0:00:06]} Rab8 {[%emt 0:00:03]} 21. Qxc5 {[%emt 0:00:07]} Rbc8 {[%emt 0:00:20]} 22. Qf5 {[%emt 0:00:05]} Rd6 {[%emt 0:00:11]} 23. e5 {[%emt 0:00:05]} g6 {[%emt 0:00:05]} 24. Qxc8+ {[%emt 0:00:03]} Kg7 {[%emt 0:00:12]} 25. exd6 {[%emt 0:00:02]} Nd5 {[%emt 0:00:02]} 26. d7 {[%emt 0:00:03]} Ne7 {[%emt 0:00:08]} 27. Qc5 {[%emt 0:00:07]} Ng8 {[%emt 0:00:05]} 28. d8=Q {[%emt 0:00:04]} Nf6 {[%emt 0:00:05]} 29. Qcxd4 {[%emt 0:00:03]} Kh7 {[%emt 0:00:06]} 30. Q4xf6 {[%emt 0:00:03]} h5 {[%emt 0:00:03]} 31. Qdh8# {[%emt 0:00:03] Mate Mate} 1-0